| 000 | 00578nam a2200193 a 4500 | ||
|---|---|---|---|
| 001 | 33693 | ||
| 005 | 20180714001654.0 | ||
| 008 | 140415s1987 000 0 spa d | ||
| 020 | _a9684197225 | ||
| 041 | _aspa | ||
| 082 |
_a336.338 _bKAL |
||
| 100 | 1 | _aKALETSKY, ANATOLE | |
| 245 | 1 | 4 |
_aLOS COSTOS DE LA MORATORIA : _bUN ENSAYO DE LA TWENTIETH CENTURY FUND |
| 260 |
_a[s.l.] : _bGRIJALBO, _c1987 |
||
| 300 | _a193 | ||
| 490 | _aENLACE | ||
| 650 | 1 | 4 |
_aDEUDA EXTERIOR _xLATINOAMERICANA _xECONOMIA _xDEUDA EXTERIOR _xLATINOAMERICA |
| 700 | 1 |
_aPOU, MARTHA _etr. |
|
| 999 |
_c33693 _d33693 |
||